Problems in mathematical education / (Record no. 657635)
[ view plain ]
| 000 -LEADER | |
|---|---|
| fixed length control field | 00915nam a2200289 a 4500 |
| 001 - CONTROL NUMBER | |
| control field | vtls000808195 |
| 003 - CONTROL NUMBER IDENTIFIER | |
| control field | NLI |
| 005 - DATE AND TIME OF LATEST TRANSACTION | |
| control field | 20210627054022.0 |
| 008 - FIXED-LENGTH DATA ELEMENTS--GENERAL INFORMATION | |
| fixed length control field | 110331s1956 njua 000 0 eng |
| 039 #9 - LEVEL OF BIBLIOGRAPHIC CONTROL AND CODING DETAIL [OBSOLETE] | |
| -- | 201103311626 |
| -- | Vargis_01 |
| 040 0# - CATALOGING SOURCE | |
| Original cataloging agency | NLI |
| Language of cataloging | eng |
| Transcribing agency | Vergis_S |
| Description conventions | AACR2 |
| 041 0# - LANGUAGE CODE | |
| Language code of text/sound track or separate title | eng |
| 044 ## - COUNTRY OF PUBLISHING/PRODUCING ENTITY CODE | |
| MARC country code | nju |
| 084 ## - OTHER CLASSIFICATION NUMBER | |
| Classification number | 148 |
| 100 1# - MAIN ENTRY--PERSONAL NAME | |
| Personal name | Dyer, Henry S. |
| 9 (RLIN) | 779442 |
| 245 10 - TITLE STATEMENT | |
| Title | Problems in mathematical education / |
| Statement of responsibility, etc. | by Henry S. Dyer, Robert Kalin and Frederic M. Lord. |
| 260 ## - PUBLICATION, DISTRIBUTION, ETC. | |
| Place of publication, distribution, etc. | New Jersey : |
| Name of publisher, distributor, etc. | Educational Testing Sevice, |
| Date of publication, distribution, etc. | 1956. |
| 300 ## - PHYSICAL DESCRIPTION | |
| Extent | 50 p.: |
| Other physical details | ill.; |
| Dimensions | 22 cm. |
| 650 #0 - SUBJECT ADDED ENTRY--TOPICAL TERM | |
| Topical term or geographic name entry element | Mathematics |
| General subdivision | Study and teaching |
| 9 (RLIN) | 702254 |
| 700 1# - ADDED ENTRY--PERSONAL NAME | |
| Personal name | Kalin, Robert, |
| Relationship | jt. aut |
| 9 (RLIN) | 779443 |
| 700 1# - ADDED ENTRY--PERSONAL NAME | |
| Personal name | Lord, Frederic M., |
| Relationship | jt. aut |
| 9 (RLIN) | 779444 |
| 887 ## - NON-MARC INFORMATION FIELD | |
| Content of non-MARC field | |
| 901 ## - LOCAL DATA ELEMENT A, LDA (RLIN) | |
| a | 310945 ; |
| b | 26.07.1956 |
| 902 ## - LOCAL DATA ELEMENT B, LDB (RLIN) | |
| a | 148 G 2325 |
| 949 ## - LOCAL PROCESSING INFORMATION (OCLC) | |
| -- | VIRTUAITEM |
| -- | 10000 |
| -- | 100 |
| 6 | PUR000310945ENG |
| 942 ## - ADDED ENTRY ELEMENTS (KOHA) | |
| Source of classification or shelving scheme | Dewey Decimal Classification |
| Koha item type | Books |
| Withdrawn status | Lost status | Damaged status | Not for loan | Home library | Current library | Date acquired | Total Checkouts | Full call number | Barcode | Date last seen | Price effective from | Koha item type |
|---|---|---|---|---|---|---|---|---|---|---|---|---|
| National Library of India | National Library of India | 148 G 2325 | PUR000310945ENG | 27/06/2021 | 27/06/2021 | Books |
